00714 a2200217 450000500170000000800410001702000150005804000510007304100080012410000100013224500960014226000410023830000400027949000150031965000350033465000240036965000210039370000200041470000380043476500240047220180312141946.0131009s1990 sp a br|||| 00| 0 spa d a8426124704 aCO-BoUCMbspacJose A. GerenadDiana Londoño00aspa0 aDerib10aYakari y el coyotecDerib ; [ilustraciones de] Job ; traducción de Concepción Zendrera c1990bJuventudaBarcelona (España) a48 páginasbilustraciones a color aYacariv12 7aLibros ilustrados para niños 7aLiteratura infantil 7aLiteratura suiza0 aJobeilustrador1 aZendrera, Concepciónetraductor tYakari et le coyote